000 00254nam a22001217a 4500
003 SGT
082 _a370
_bKUL
100 _aKULSHRESHTHA, AB.
245 _aCHILDREN WITH DYSLEXIA
260 _aDELHI
_bRI PUB.
_c2018
300 _a305
942 _2ddc
_cBK
999 _c17562
_d17562